000 00542nam a2200205Ia 4500
005 20250508165452.0
008 008 250505s9999 xx 000 0 hin d
020 _a81-267-04470-0
037 _aTextual
040 _aFEDL
_beng
_cFEDL
041 _ahin
_2hin
084 _a891.433, KAN
_qFEDL
100 _aKankariya Madhu
245 0 _aSalam aakhiree
260 _aNew Delhi, India
_bRajkamal Prakashan
_c2007
300 _a192p.
365 _aINR
_b200
942 _cTEXL
_h891.433, KAN
999 _c1395275
_d1395275